Entry Personal Name
Number of records used in: 1
001 - CONTROL NUMBER
003 - CONTROL NUMBER IDENTIFIER
005 - DATE AND TIME OF LATEST TRANSACTION
- control field:
20231018141809.0
008 - FIXED-LENGTH DATA ELEMENTS
- fixed length control field:
850920n| azannaabn |b aaa
010 ## - LIBRARY OF CONGRESS CONTROL NUMBER
- LC control number:
n 85230477
035 ## - SYSTEM CONTROL NUMBER
- System control number:
(OCoLC)oca01418374
040 ## - CATALOGING SOURCE
- Original cataloging agency:
DLC
- Language of cataloging:
eng
- Description conventions:
rda
- Transcribing agency:
DLC
- Modifying agency:
DLC
- Modifying agency:
DLC-R
- Modifying agency:
DLC-R
- Modifying agency:
DLC
- Modifying agency:
NIC
- Modifying agency:
IEN
- Modifying agency:
OCoLC
- Modifying agency:
DLC
- Modifying agency:
MvI
046 ## - SPECIAL CODED DATES
- Death date:
1579
- Source of date scheme:
edtf
100 1# - HEADING--PERSONAL NAME
- Personal name:
Malībārī, Zayn al-Dīn ibn ʻAbd al-ʻAzīz
375 ## - GENDER
- Gender:
Males
- Source of term:
lcdgt
377 ## - ASSOCIATED LANGUAGE
400 0# - SEE FROM TRACING--PERSONAL NAME
- Personal name:
Zayn al-Dīn ibn ʻAbd al-ʻAzīz al-Malībārī
400 1# - SEE FROM TRACING--PERSONAL NAME
- Personal name:
Maʻbarī, Zayn al-Dīn ibn ʻAlī
400 0# - SEE FROM TRACING--PERSONAL NAME
- Personal name:
Zayn al-Dīn ibn ʻAlī al-Maʻbarī
400 1# - SEE FROM TRACING--PERSONAL NAME
- Personal name:
Mallībārī, Zayn al-Dīn ibn ʻAbd al-ʻAzīz ibn Zayn al-Dīn ibn ʻAlī ibn Aḥmad al-Maʻbarī
400 1# - SEE FROM TRACING--PERSONAL NAME
- Personal name:
Mahduṃ, Sainuddīn
400 0# - SEE FROM TRACING--PERSONAL NAME
- Personal name:
Sainuddīn Mahduṃ
400 0# - SEE FROM TRACING--PERSONAL NAME
- Personal name:
Zainuddin Makhdum,
- Titles and other words associated with a name:
Shaykh
400 1# - SEE FROM TRACING--PERSONAL NAME
- Personal name:
Makhdum, Zainuddin,
- Titles and other words associated with a name:
Shaykh
400 1# - SEE FROM TRACING--PERSONAL NAME
- Personal name:
مليباري، زين الدين ابن عبد العزيز
400 1# - SEE FROM TRACING--PERSONAL NAME
- Personal name:
مليباري، زين الدين بن عبد العزيز
400 0# - SEE FROM TRACING--PERSONAL NAME
- Personal name:
Zainuddin al-Makhdoom,
- Numeration:
II,
- Titles and other words associated with a name:
Sheikh
400 0# - SEE FROM TRACING--PERSONAL NAME
- Personal name:
Sainuddīn Makhduṃ,
- Numeration:
II,
- Titles and other words associated with a name:
Ṣeykh
400 0# - SEE FROM TRACING--PERSONAL NAME
- Personal name:
Sainuddīna Mak̲h̲adūma,
- Numeration:
II,
- Titles and other words associated with a name:
Śek̲h̲a
400 0# - SEE FROM TRACING--PERSONAL NAME
- Personal name:
Zayn al-Dīn al-Makhdūm,
- Numeration:
II,
- Titles and other words associated with a name:
Shaykh
670 ## - SOURCE DATA FOUND
- Source citation:
al-Istiʻdād lil-mawt wa-suʼāl al-qabr, 1983:
- Information found:
t.p. (Zayn al-Dīn ibn ʻAlī al-Maʻbarī) p. 3 (Zayn al-Dīn ibn ʻAbd al-ʻAzīz ibn Zayn al-Dīn ibn ʻAlī al-Maʻbarī al-Malībārī)
670 ## - SOURCE DATA FOUND
- Source citation:
LC manual auth. cd.
- Information found:
(hdg.: Malībārī, Zayn al-Dīn ibn ʻAbd al-ʻAzīz)
670 ## - SOURCE DATA FOUND
- Source citation:
al-Istiʻdād lil-mawt wa-suʼāl al-qabr, 1986:
- Information found:
t.p. (Zayn al-Dīn ibn ʻAlī al-Miʻbarī al-Malībārī [part. voc.]; d. 987 H [i.e. 1579 or 1580 M]) p. 7 (Zayn al-Dīn ibn ʻAbd al-ʻAzīz ibn Zayn al-Dīn ibn ʻAlī ibn Aḥmad [al-Muʻabbirī or Maʻbarī] al-Malībārī)
670 ## - SOURCE DATA FOUND
- Source citation:
Brockelmann
- Information found:
(Zainaddīn b. Ġazzāl b. Zainaddīn ʻA. b. A. al-Malībārī; grandson of the like-named Sufi [Zayn al-Dīn ibn ʻAlī al-Muʻabbirī al-Malībārī, 1467 or 8-1521 or 2]; Šaiḫ Zainaddīn al-Maʻbarī; wrote ca. 1577)
670 ## - SOURCE DATA FOUND
- Source citation:
Ziriklī
- Information found:
(al-Mallībārī [voc.], d. 987/1579; Zayn al-Dīn ibn ʻAbd al-ʻAzīz ibn Zayn al-Dīn ibn ʻAlī ibn Aḥmad al-Maʻbarī al-Mallībārī)
670 ## - SOURCE DATA FOUND
- Source citation:
Tuhphattul Mujāhidīn, 1995:
- Information found:
t.p. (Sainuddīn Mahduṃ)
670 ## - SOURCE DATA FOUND
- Source citation:
Tuḥfat-al-mujāhidīn, 2006:
- Information found:
t.p. (Shaykh Zainuddin Makhdum) p. xvii (also known as Shaykh Zainuddin Makhdum II; b. at Chombal, near Mahe, Northern Malabar, India, in the 9th century AH; grandson of Shaykh Zainuddin Makhdum I)
670 ## - SOURCE DATA FOUND
- Source citation:
Tuhfat ul mujahideen (Tribute to warriors), 2014:
- Information found:
t.p. (Sheikh Zainuddin Al-Makhdoom-II) add. t.p. (Ṣeykh Sainuddīn Makhduṃ (II), Śek̲h̲a Sainuddīna Mak̲h̲adūma-II, al-Shaykh Zayn al-Dīn al-Makhdūm)